000 00400nam a2200133Ia 4500
008 100328s9999 xx 000 0 und d
082 _b33818
100 _aभारती राज
245 _aसर्प सुंदरी
260 _bाीरज पॉकेट बुक्स
630 _aसर्प सुंदरी
730 _aसर्प सुंदरी
942 _cBOOK
999 _c524147
_d524144